000 00746cab a2200205 4500
001 ABS37107
008 090401t1986 xxu||||| |||| 00| 0 eng d
035 _a(Sirsi) u2348
041 _aeng
100 _aJohnstone, B.
245 _aDepartment is back on the air
260 _c1986
350 _a0
490 _aPlanning (for the Natural and Built Environment)
_v(695) 21 November 1986, 10-11(1)
520 _aReviews the planning provisions contained in a draft development control policy note issued by the DOE on telecommunications development. Concentrates on problems caused by radio interference and service lines .
650 _aTELECOMMUNICATIONS CODE
690 _aPLANNING LAW AND PRACTICE
942 _n0
948 _c04/03/1997
999 _c1417
_d1417